000 00589nam a2200241 a 4500
001 nice12345678
003 IN_TiNIC
005 20260116013041.0
008 080410s1975 newa grp 000 0 eng
020 _a0140191682
_c150
082 0 0 _a297.4
_bNIC7
100 _aNicholson, Reynold A
245 _aThe Mystics of Islam
260 _aNew Delhi
_bPenguin Books
_c1975
300 _a178p
500 _aincludes index and biblioraphy
505 2 _aIndex
650 _aIslam-Mysticism
700 1 _aNicholson, Reynold A
902 _bSRS
942 _cBK
999 _c9438
_d9438